| 000 | 01322nam a2200337Ia 4500 | ||
|---|---|---|---|
| 001 | ebr10046634 | ||
| 003 | CaPaEBR | ||
| 006 | m u | ||
| 007 | cr cn||||||||| | ||
| 008 | 010716s2001 enk sb 001 0 eng d | ||
| 010 | _z 00053053 | ||
| 015 | _aGBA1-40770 | ||
| 020 | _z0333777913(cased) | ||
| 020 | _z0333777735(pbk.) | ||
| 040 |
_aCaPaEBR _cCaPaEBR |
||
| 035 | _a(OCoLC)70748701 | ||
| 050 | 1 | 4 |
_aPR2976 _b.T25 2001eb |
| 082 | 0 | 4 |
_a822.33 _221 |
| 245 | 0 | 0 |
_aTalking Shakespeare _h[electronic resource] : _bShakespeare into the millennium / _cedited by Deborah Cartmell and Michael Scott. |
| 260 |
_aBasingstoke : _bPalgrave, _c2001. |
||
| 300 | _aix, 253 p. | ||
| 504 | _aIncludes bibliographical references and index. | ||
| 533 |
_aElectronic reproduction. _bPalo Alto, Calif. : _cebrary, _d2009. _nAvailable via World Wide Web. _nAccess may be limited to ebrary affiliated libraries. |
||
| 600 | 1 | 0 |
_aShakespeare, William, _d1564-1616 _xCriticism and interpretation. |
| 650 | 0 |
_aEnglish drama _xHistory and criticism. |
|
| 655 | 7 |
_aElectronic books. _2local |
|
| 700 | 1 | _aCartmell, Deborah. | |
| 700 | 1 |
_aScott, Michael, _d1949- |
|
| 710 | 2 | _aebrary, Inc. | |
| 856 | 4 | 0 |
_uhttp://site.ebrary.com/lib/rucke/Doc?id=10046634 _zAn electronic book accessible through the World Wide Web; click to view |
| 999 |
_c74457 _d74457 |
||